00682nam a2200169 a 4500003000200000005001700002008004100019050002700060100002800087245012000115260009000235300002300325504004100348650004000389650004900429650003400478020250515073144.0970101s19uu xx 00 eng d aPHS LB 3609b.C36 2004 aCamilon, Eliseo Jr. V. aThe Relationship of stress on the academic performance of fourth year high school students /cEliseo V. Camilon Jr. aLas Piñas City, Philippines :bSouthville International School and Colleges,c2004. a47 pages ;c28 cm. aIncludes bibliographical references. aStress (Psychology) in adolescence. aAcademic achievementxPsychological aspects. aStress in youthzPhilippines.